000 00472nam a2200181Ia 4500
003 GCL
005 20240530101209.0
008 140319s9999 xx 000 0 eng d
040 _aGCL /
_cGCL
082 0 4 _a745.61
_bG C
100 1 _aGULLICK, MICHAEL
245 1 0 _aCALLIGRAPHY /
_cGULLICK, MICHAEL
260 _aLONDON :
_bSTUDIO EDITIONS ،
_c1990
300 _a40 P:
_bPICTURES ;
_c32 CM
650 0 4 _aCALLIGRAPHY
650 0 4 _aCALLIGRAPHY STYLES
942 _2ddc
_cBK
999 _c25658
_d25658